LEADER 01035nam a2200253 i 4500 001 000000009542 003 CaOOAMICUS 005 20180830125440.0 008 180830s2003 it u000 u ita u 020 $a88-02-05699-4 040 $aSeMil$bita 245 10$aDizionario dei personaggi letterari. 246 08$iTitolo sul dorso:$aGrande dizionario enciclopedico 260 $aTorino :$bUTET,$c2003. 300 $a3 v. (XXVIII, 2166 p., [84] p. di tav.) ;$c31 cm. 650 4$aPersonaggi letterari.$0(OLS)http://semarc/subject/1480 650 4$aPersonaggi letterari - Enciclopedie e Dizionari.$0(OLS)http://semarc/subject/1481 774 0 $tA-F.$gVolume1$w()81682 774 0 $tP-Z.$gVolume3$w()84368 774 0 $tG-O.$gVolume2$w()84721 996 $6020$a88-02-05699-4$9(OLS)http://semarc/number/889 996 $6245$aDizionario dei personaggi letterari$9(OLS)http://semarc/title/12607 996 $6246$aGrande dizionario enciclopedico$9(OLS)http://semarc/title/8921 996 $6260$aTorino :$bUTET$9(OLS)http://semarc/publisher/29621 LEADER 01032nam a2200217 i 4500 001 000000200554 003 CaOOAMICUS 005 20110411000000.0 008 110411s1923 it u000 u ita u 013 $a179254 040 $aSeMil$bita 245 10$aDei Sieri e Vaccini dei preparati Chemoterapici Opoterapici ed Affini e dei Diagnostici I. S. M. /$cIstituto Sieroterapico Milanese. 260 $aMilano :$bIstituto Sieroterapico Milanese,$cstampa 1923. 300 $aVIII, 538 p. ;$c17 cm. 650 4$aVaccini.$0(OLS)http://semarc/subject/37649 650 4$aSieri.$0(OLS)http://semarc/subject/37650 700 1 $aIstituto Sieroterapico Milanese.$0(OLS)http://semarc/name/72488 850 $aSeMil 852 $aSeMil$W1$xVenegono$y1$m3XK I 17$j151083$B151083$CSeMilBibl$Z2$F162383 $81 996 $6245$aDei Sieri e Vaccini dei preparati Chemoterapici Opoterapici ed Affini e dei Diagnostici I. S. M.$9(OLS)http://semarc/title/290022 996 $6260$aMilano :$bIstituto Sieroterapico Milanese$9(OLS)http://semarc/publisher/51478